[Event "Helsinki Chess Festival - Girls U20"]
[Site "chess24.com"]
[Date "2019.08.14"]
[Round "2"]
[White "Norlamo, Sarabella"]
[Black "Olde, Margareth"]
[Result "1/2-1/2"]
[Board "1"]
[WhiteElo "1998"]
[WhiteCountry "FIN"]
[WhiteFideId "4505344"]
[WhiteEloChange "3"]
[BlackFideId "4503082"]
[BlackTitle "WFM"]
[BlackElo "2122"]
[BlackCountry "EST"]
[BlackEloChange "-3"]

1. d4 {[%clk 1:30:30]} Nf6 {[%clk 1:30:30]} 2. c4 {[%clk 1:30:30]} e6 {[%clk
1:30:30]} 3. Nf3 {[%clk 1:30:30]} b6 {[%clk 1:30:30]} 4. g3 {[%clk 1:30:30]} Bb7
{[%clk 1:30:30]} 5. Bg2 {[%clk 1:30:30]} Be7 {[%clk 1:30:30]} 6. O-O {[%clk
1:30:30]} O-O {[%clk 1:30:30]} 7. Nc3 {[%clk 1:30:30]} Ne4 {[%clk 1:30:30]} 8.
Nxe4 {[%clk 1:30:30]} Bxe4 {[%clk 1:30:30]} 9. Bf4 {[%clk 1:30:30]} Bf6 {[%clk
1:30:30]} 10. Be5 {[%clk 1:30:30]} Nc6 {[%clk 1:30:30]} 11. Bxf6 {[%clk 1:30:30]}
Qxf6 {[%clk 1:30:30]} 12. e3 {[%clk 1:30:30]} Rad8 {[%clk 1:30:30]} 13. Nd2
{[%clk 1:30:30]} Bg6 {[%clk 1:30:30]} 14. a3 {[%clk 1:30:30]} Nb8 {[%clk
1:30:30]} 15. Ne4 {[%clk 1:30:30]} Qe7 {[%clk 1:30:30]} 16. Nc3 {[%clk 1:30:30]}
d6 {[%clk 1:30:30]} 17. Qe2 {[%clk 1:30:30]} c5 {[%clk 1:30:30]} 18. d5 {[%clk
1:30:30]} e5 {[%clk 1:30:30]} 19. e4 {[%clk 1:30:30]} Nd7 {[%clk 1:30:30]} 20.
Rae1 {[%clk 1:30:30]} Rde8 {[%clk 1:30:30]} 21. Qc2 {[%clk 1:30:30]} f5 {[%clk
1:30:30]} 22. exf5 {[%clk 1:30:30]} Bxf5 {[%clk 1:30:30]} 23. Be4 {[%clk
1:30:30]} Bxe4 {[%clk 1:30:30]} 24. Nxe4 {[%clk 1:30:30]} Rf3 {[%clk 1:30:30]}
25. Kg2 {[%clk 1:30:30]} Ref8 {[%clk 1:30:30]} 26. Nd2 {[%clk 1:30:30]} R3f5
{[%clk 1:30:30]} 27. Qd1 {[%clk 1:30:30]} Qf6 {[%clk 1:30:30]} 28. Ne4 {[%clk
1:30:30]} Qh6 {[%clk 1:30:30]} 29. Qa4 {[%clk 1:30:30]} Nf6 {[%clk 1:30:30]} 30.
Nxf6+ {[%clk 1:30:30]} Qxf6 {[%clk 1:30:30]} 31. Qc2 {[%clk 1:30:30]} Rf3 {[%clk
1:30:30]} 32. Re2 {[%clk 1:30:30]} Qg5 {[%clk 1:30:30]} 33. Qe4 {[%clk 1:30:30]}
R3f4 {[%clk 1:30:30]} 34. Qd3 {[%clk 1:30:30]} Rd4 {[%clk 1:30:30]} 35. Qc2
{[%clk 1:30:30]} Rf6 {[%clk 1:30:30]} 36. Rd1 {[%clk 1:30:30]} Rdf4 {[%clk
1:30:30]} 37. Re4 {[%clk 1:30:30]} Rf3 {[%clk 1:30:30]} 38. Qd2 {[%clk 1:30:30]}
Qf5 {[%clk 1:30:30]} 39. Re2 {[%clk 1:30:30]} Rh6 {[%clk 1:30:30]} 40. Qc2 {[%clk
1:30:30]} Qh5 {[%clk 1:30:30]} 41. h4 {[%clk 1:30:30]} Rg6 {[%clk 1:30:30]} 42.
Re4 {[%clk 1:30:30]} Qf5 {[%clk 1:30:30]} 43. Re2 {[%clk 0:19:25]} Qg4 {[%clk
0:27:10]} 44. Rd3 {[%clk 0:19:25]} Rf4 {[%clk 0:27:10]} 45. Rc3 {[%clk 0:19:25]}
Rgf6 {[%clk 0:27:10]} 46. Kh2 {[%clk 0:19:25]} R4f5 {[%clk 0:27:10]} 47. Rce3
{[%clk 0:19:25]} Qg6 {[%clk 0:27:10]} 48. Kg2 {[%clk 0:19:25]} Qh5 {[%clk
0:27:10]} 49. Qd3 {[%clk 0:19:25]} Rg6 {[%clk 0:27:10]} 50. Kh2 {[%clk 0:19:25]}
Rg4 {[%clk 0:27:10]} 51. Re4 {[%clk 0:19:25]} Qg6 {[%clk 0:27:10]} 52. Rxg4
{[%clk 0:19:25]} Qxg4 {[%clk 0:27:10]} 53. Kg2 {[%clk 0:19:25]} Rf4 {[%clk
0:27:10]} 54. b3 {[%clk 0:19:25]} Rd4 {[%clk 0:27:10]} 55. Qf3 {[%clk 0:19:25]}
Qg6 {[%clk 0:27:10]} 56. Kh2 {[%clk 0:19:25]} h6 {[%clk 0:27:10]} 57. Re3 {[%clk
0:19:25]} a6 {[%clk 0:27:10]} 58. a4 {[%clk 0:19:25]} Qf6 {[%clk 0:27:10]} 59.
Qxf6 {[%clk 0:19:25]} gxf6 {[%clk 0:27:10]} 60. Kg2 {[%clk 0:19:25]} Kf7 {[%clk
0:27:10]} 61. Kf3 {[%clk 0:19:25]} f5 {[%clk 0:27:10]} 62. Ke2 {[%clk 0:19:25]}
b5 {[%clk 0:27:10]} 63. cxb5 {[%clk 0:19:25]} axb5 {[%clk 0:27:10]} 64. a5 {[%clk
0:19:25]} Rg4 {[%clk 0:27:10]} 65. Rf3 {[%clk 0:19:25]} Kf6 {[%clk 0:27:10]} 66.
Rd3 {[%clk 0:19:25]} Rg7 {[%clk 0:27:10]} 67. Rd1 {[%clk 0:19:25]} Ra7 {[%clk
0:27:10]} 68. Ra1 {[%clk 0:19:25]} e4 {[%clk 0:27:10]} 69. a6 {[%clk 0:19:25]}
Ke5 {[%clk 0:27:10]} 70. Ke3 {[%clk 0:19:25]} Kxd5 {[%clk 0:27:10]} 71. Kf4
{[%clk 0:19:25]} Ke6 {[%clk 0:27:10]} 72. g4 {[%clk 0:19:25]} fxg4 {[%clk
0:27:10]} 73. Kxe4 {[%clk 0:19:25]} d5+ {[%clk 0:27:10]} 74. Kf4 {[%clk 0:19:25]}
c4 {[%clk 0:27:10]} 75. bxc4 {[%clk 0:19:25]} dxc4 {[%clk 0:27:10]} 76. Ra5
{[%clk 0:19:25]} c3 {[%clk 0:27:10]} 77. Rxb5 {[%clk 0:19:25]} Rc7 {[%clk
0:27:10]} 78. Rb1 {[%clk 0:19:25]} Rc4+ {[%clk 0:27:10]} 79. Kg3 {[%clk 0:19:25]}
h5 {[%clk 0:27:10]} 80. Ra1 {[%clk 0:19:25]} c2 {[%clk 0:27:10]} 81. a7 {[%clk
0:19:25]} Rc8 {[%clk 0:27:10]} 82. Rc1 {[%clk 0:19:25]} Ra8 {[%clk 0:27:10]} 83.
Rxc2 {[%clk 0:19:25]} 1/2-1/2

[Event "Helsinki Chess Festival - Girls U20"]
[Site "chess24.com"]
[Date "2019.08.14"]
[Round "2"]
[White "Diakonova, Ekaterina"]
[Black "Narva, Mai"]
[Result "0-1"]
[Board "2"]
[WhiteFideId "24172936"]
[WhiteElo "2209"]
[WhiteCountry "RUS"]
[WhiteEloChange "-6"]
[BlackTitle "WIM"]
[BlackElo "2358"]
[BlackCountry "EST"]
[BlackFideId "4500512"]
[BlackEloChange "6"]

1. e4 {[%clk 1:30:30]} c5 {[%clk 1:30:30]} 2. Nf3 {[%clk 1:31:00]} Nc6 {[%clk
1:31:00]} 3. d4 {[%clk 1:31:30]} cxd4 {[%clk 1:31:30]} 4. Nxd4 {[%clk 1:32:00]}
Nf6 {[%clk 1:32:00]} 5. Nc3 {[%clk 1:32:30]} d6 {[%clk 1:32:30]} 6. Bg5 {[%clk
1:33:00]} e6 {[%clk 1:33:00]} 7. Qd2 {[%clk 1:33:30]} a6 {[%clk 1:33:30]} 8.
O-O-O {[%clk 1:34:00]} Bd7 {[%clk 1:34:00]} 9. f4 {[%clk 1:34:30]} b5 {[%clk
1:34:30]} 10. Bxf6 {[%clk 1:35:00]} gxf6 {[%clk 1:35:00]} 11. Kb1 {[%clk
1:35:30]} Qb6 {[%clk 1:35:30]} 12. Nxc6 {[%clk 1:36:00]} Bxc6 {[%clk 1:36:00]}
13. f5 {[%clk 1:36:30]} b4 {[%clk 1:36:30]} 14. Ne2 {[%clk 1:37:00]} e5 {[%clk
1:37:00]} 15. Ng3 {[%clk 1:37:30]} h5 {[%clk 1:37:30]} 16. h4 {[%clk 1:38:00]}
Qc5 {[%clk 1:38:00]} 17. Bd3 {[%clk 1:38:30]} Bh6 {[%clk 1:38:30]} 18. Qe2 {[%clk
1:39:00]} Be3 {[%clk 1:39:00]} 19. Nxh5 {[%clk 1:39:30]} Ke7 {[%clk 1:39:30]} 20.
g4 {[%clk 1:40:00]} a5 {[%clk 1:40:00]} 21. Bc4 {[%clk 1:40:30]} a4 {[%clk
1:40:30]} 22. Rh3 {[%clk 1:41:00]} Bd4 {[%clk 1:41:00]} 23. Rg3 {[%clk 1:41:30]}
Bb7 {[%clk 1:41:30]} 24. Bd5 {[%clk 1:42:00]} Bxd5 {[%clk 1:42:00]} 25. exd5
{[%clk 1:42:30]} a3 {[%clk 1:42:30]} 26. b3 {[%clk 1:43:00]} Bf2 {[%clk 1:43:00]}
27. Rh3 {[%clk 1:43:30]} Rac8 {[%clk 1:43:30]} 28. Qd3 {[%clk 1:44:00]} Rhg8
{[%clk 1:44:00]} 29. g5 {[%clk 1:44:30]} fxg5 {[%clk 1:44:30]} 30. f6+ {[%clk
1:45:00]} Kd8 {[%clk 1:45:00]} 31. Ng7 {[%clk 1:45:30]} g4 {[%clk 1:45:30]} 32.
Rh2 {[%clk 1:46:00]} g3 {[%clk 1:46:00]} 33. Rg2 {[%clk 1:46:30]} Qc3 {[%clk
1:46:30]} 34. Qxc3 {[%clk 1:47:00]} Rxc3 {[%clk 1:47:00]} 35. Rd3 {[%clk
1:47:30]} e4 {[%clk 1:47:30]} 36. Rxc3 {[%clk 1:48:00]} bxc3 {[%clk 1:48:00]} 37.
Kc1 {[%clk 1:48:30]} e3 {[%clk 1:48:30]} 38. Kd1 {[%clk 1:49:00]} Rh8 {[%clk
1:49:00]} 39. Nf5 {[%clk 1:49:30]} Rh5 {[%clk 1:49:30]} 40. Nxg3 {[%clk 1:50:00]}
Rxd5+ {[%clk 1:50:00]} 41. Ke2 {[%clk 1:50:30]} Rd2+ {[%clk 1:50:30]} 42. Kf3
{[%clk 1:51:00]} Bxg3 {[%clk 1:51:00]} 43. Rxg3 {[%clk 1:51:30]} e2 {[%clk
1:51:30]} 44. Kf2 {[%clk 1:52:00]} Rxc2 {[%clk 1:52:00]} 45. b4 {[%clk 1:52:30]}
Rxa2 {[%clk 1:52:30]} 46. Rxc3 {[%clk 1:53:00]} Ra1 {[%clk 1:53:00]} 47. Kxe2
{[%clk 1:53:30]} a2 {[%clk 1:53:30]} 48. Ra3 {[%clk 1:54:00]} Rh1 {[%clk
1:54:00]} 0-1

[Event "Helsinki Chess Festival - Girls U20"]
[Site "chess24.com"]
[Date "2019.08.14"]
[Round "2"]
[White "Limanovska, Elizabete"]
[Black "Hina, Ariza"]
[Result "1-0"]
[Board "3"]
[WhiteTitle "WFM"]
[WhiteElo "2169"]
[WhiteCountry "LAT"]
[WhiteFideId "11603542"]
[WhiteEloChange "2"]
[BlackElo "1737"]
[BlackCountry "NOR"]
[BlackFideId "1525441"]
[BlackEloChange "-2"]

1. e4 {[%clk 0:55:14]} e5 {[%clk 0:54:15]} 2. Nf3 {[%clk 0:55:14]} Nf6 {[%clk
0:54:15]} 3. Nxe5 {[%clk 0:55:14]} d6 {[%clk 0:54:15]} 4. Nf3 {[%clk 0:55:14]}
Nxe4 {[%clk 0:54:15]} 5. d4 {[%clk 0:55:14]} d5 {[%clk 0:54:15]} 6. Bd3 {[%clk
0:55:14]} Be7 {[%clk 0:54:15]} 7. O-O {[%clk 0:55:14]} O-O {[%clk 0:54:15]} 8. c4
{[%clk 0:55:14]} Nf6 {[%clk 0:54:15]} 9. h3 {[%clk 0:55:14]} h6 {[%clk 0:54:15]}
10. Nc3 {[%clk 0:55:14]} Be6 {[%clk 0:54:15]} 11. c5 {[%clk 0:55:14]} b6 {[%clk
0:54:15]} 12. b4 {[%clk 0:55:14]} a5 {[%clk 0:54:15]} 13. cxb6 {[%clk 0:55:14]}
Bxb4 {[%clk 0:54:15]} 14. bxc7 {[%clk 0:55:14]} Qxc7 {[%clk 0:54:15]} 15. Nb5
{[%clk 0:55:14]} Qb6 {[%clk 0:54:15]} 16. Bf4 {[%clk 0:55:14]} Na6 {[%clk
0:54:15]} 17. a3 {[%clk 0:55:14]} Be7 {[%clk 0:54:15]} 18. Rb1 {[%clk 0:55:14]}
Qd8 {[%clk 0:54:15]} 19. Ne5 {[%clk 0:55:14]} Bd7 {[%clk 0:54:15]} 20. Qf3 {[%clk
0:55:14]} Bxb5 {[%clk 0:54:15]} 21. Bxb5 {[%clk 0:55:14]} Nc7 {[%clk 0:54:15]}
22. Nc6 {[%clk 0:55:14]} Qd7 {[%clk 0:54:15]} 23. Nxe7+ {[%clk 0:55:14]} Qxe7
{[%clk 0:54:15]} 24. Rfe1 {[%clk 0:55:14]} Ne4 {[%clk 0:54:15]} 25. Bd3 {[%clk
0:55:14]} f5 {[%clk 0:54:15]} 26. Rb7 {[%clk 0:55:14]} Rac8 {[%clk 0:54:15]} 27.
Bxe4 {[%clk 0:55:14]} fxe4 {[%clk 0:54:15]} 28. Qg3 {[%clk 0:55:14]} Rxf4 {[%clk
0:54:15]} 29. Qxf4 {[%clk 0:55:14]} Ne6 {[%clk 0:54:15]} 30. Rxe7 {[%clk
0:55:14]} Nxf4 {[%clk 0:54:15]} 31. Ra7 {[%clk 0:55:14]} Rc4 {[%clk 0:54:15]} 32.
Rxa5 {[%clk 0:55:14]} Rxd4 {[%clk 0:54:15]} 33. Ra8+ {[%clk 0:55:14]} Kh7 {[%clk
0:54:15]} 34. a4 {[%clk 0:55:14]} Rd2 {[%clk 0:54:15]} 35. a5 {[%clk 0:55:14]}
Ra2 {[%clk 0:54:15]} 36. a6 {[%clk 0:55:14]} Nd3 {[%clk 0:54:15]} 37. Rd1 {[%clk
0:55:14]} Nb4 {[%clk 0:54:15]} 38. a7 {[%clk 0:55:14]} Nc6 {[%clk 0:54:15]} 39.
Rxd5 {[%clk 0:55:14]} Rxa7 {[%clk 0:54:15]} 40. Rxa7 {[%clk 0:55:14]} Nxa7 {[%clk
0:54:15]} 41. Rc5 {[%clk 0:55:14]} Kg6 {[%clk 0:54:15]} 42. Kf1 {[%clk 0:55:14]}
Kf6 {[%clk 0:54:15]} 43. Ke2 {[%clk 0:55:14]} g5 {[%clk 0:54:15]} 44. Ke3 {[%clk
0:55:14]} Ke6 {[%clk 0:54:15]} 45. Kxe4 {[%clk 0:55:14]} Kd6 {[%clk 0:54:15]} 46.
Kd4 {[%clk 0:55:14]} Nc6+ {[%clk 0:54:15]} 47. Rxc6+ {[%clk 0:55:14]} 1-0

[Event "Helsinki Chess Festival - Girls U20"]
[Site "chess24.com"]
[Date "2019.08.14"]
[Round "2"]
[White "Nilssen, Ellen Fredericia"]
[Black "Simkunaite, Gabija"]
[Result "1-0"]
[Board "4"]
[WhiteFideId "1441230"]
[WhiteTitle "WFM"]
[WhiteElo "2140"]
[WhiteCountry "DEN"]
[WhiteEloChange "6"]
[BlackFideId "12808253"]
[BlackElo "1978"]
[BlackCountry "LTU"]
[BlackEloChange "-6"]

1. d4 {[%clk 0:48:49]} Nf6 {[%clk 0:58:41]} 2. Nf3 {[%clk 0:49:19]} d5 {[%clk
0:58:41]} 3. c4 {[%clk 0:49:49]} c6 {[%clk 0:58:41]} 4. Nc3 {[%clk 0:50:19]} a6
{[%clk 0:58:41]} 5. a4 {[%clk 0:50:49]} e6 {[%clk 0:58:41]} 6. Bf4 {[%clk
0:51:19]} Nbd7 {[%clk 0:58:41]} 7. e3 {[%clk 0:51:49]} Be7 {[%clk 0:58:41]} 8.
Qc2 {[%clk 0:52:19]} a5 {[%clk 0:58:41]} 9. Nd2 {[%clk 0:52:49]} Nh5 {[%clk
0:58:41]} 10. Bg3 {[%clk 0:53:19]} Nxg3 {[%clk 0:58:41]} 11. hxg3 {[%clk
0:53:49]} Nf6 {[%clk 0:58:41]} 12. Bd3 {[%clk 0:54:19]} b6 {[%clk 0:58:41]} 13.
Nf3 {[%clk 0:54:49]} Ba6 {[%clk 0:58:41]} 14. Ne5 {[%clk 0:55:19]} dxc4 {[%clk
0:58:41]} 15. Bxc4 {[%clk 0:55:49]} Bxc4 {[%clk 0:58:41]} 16. Nxc4 {[%clk
0:56:19]} h6 {[%clk 0:58:41]} 17. Ne5 {[%clk 0:56:49]} Rc8 {[%clk 0:58:41]} 18.
g4 {[%clk 0:57:19]} Nd5 {[%clk 0:58:41]} 19. O-O {[%clk 0:57:49]} Bf6 {[%clk
0:58:41]} 20. Ne4 {[%clk 0:58:19]} O-O {[%clk 0:58:41]} 21. Rac1 {[%clk 0:58:49]}
Nb4 {[%clk 0:58:41]} 22. Qe2 {[%clk 0:59:19]} Bxe5 {[%clk 0:58:41]} 23. dxe5
{[%clk 0:59:49]} Qd3 {[%clk 0:58:41]} 24. Qf3 {[%clk 1:00:19]} Qd5 {[%clk
0:58:41]} 25. Nd6 {[%clk 1:00:49]} Rc7 {[%clk 0:58:41]} 26. Nc4 {[%clk 1:01:19]}
Nd3 {[%clk 0:58:41]} 27. e4 {[%clk 1:01:49]} Qd4 {[%clk 0:58:41]} 28. Rfd1 {[%clk
1:02:19]} Rd8 {[%clk 0:58:41]} 29. Nd6 {[%clk 1:02:49]} Qxe5 {[%clk 0:58:41]} 30.
Qxd3 {[%clk 1:03:19]} Rcd7 {[%clk 0:58:41]} 31. Rxc6 {[%clk 1:03:49]} Qxb2 {[%clk
0:58:41]} 32. Qc4 {[%clk 1:04:19]} Kh7 {[%clk 0:58:41]} 33. Qd4 {[%clk 1:04:49]}
Qxd4 {[%clk 0:58:41]} 34. Rxd4 {[%clk 1:05:19]} e5 {[%clk 0:58:41]} 35. Rd5
{[%clk 1:05:49]} f6 {[%clk 0:58:41]} 36. Rxb6 {[%clk 1:06:19]} Kg6 {[%clk
0:58:41]} 37. Nb7 {[%clk 1:06:49]} Rxd5 {[%clk 0:58:41]} 38. exd5 {[%clk
1:07:19]} Rxd5 {[%clk 0:58:41]} 39. Rd6 {[%clk 1:07:49]} 1-0

[Event "Helsinki Chess Festival - Girls U20"]
[Site "chess24.com"]
[Date "2019.08.14"]
[Round "2"]
[White "Lehtinen, Helja"]
[Black "Nazarova, Anastasia"]
[Result "0-1"]
[Board "5"]
[WhiteElo "1818"]
[WhiteCountry "FIN"]
[WhiteFideId "515566"]
[WhiteEloChange "-2"]
[BlackFideId "34101737"]
[BlackTitle "WFM"]
[BlackElo "2261"]
[BlackCountry "FIN"]
[BlackEloChange "2"]

1. d4 {[%clk 1:30:30]} Nf6 {[%clk 1:30:30]} 2. c4 {[%clk 1:31:00]} g6 {[%clk
1:31:00]} 3. Nc3 {[%clk 1:31:30]} Bg7 {[%clk 1:31:30]} 4. e4 {[%clk 1:32:00]} d6
{[%clk 1:32:00]} 5. Nge2 {[%clk 1:32:30]} O-O {[%clk 1:32:30]} 6. Ng3 {[%clk
1:33:00]} e5 {[%clk 1:33:00]} 7. d5 {[%clk 1:33:30]} a5 {[%clk 1:33:30]} 8. Be2
{[%clk 1:34:00]} Na6 {[%clk 1:34:00]} 9. h4 {[%clk 1:34:30]} h5 {[%clk 1:34:30]}
10. Bg5 {[%clk 1:35:00]} Qe8 {[%clk 1:35:00]} 11. Qd2 {[%clk 1:35:30]} Nh7 {[%clk
1:35:30]} 12. Bh6 {[%clk 1:36:00]} Qe7 {[%clk 1:36:00]} 13. O-O-O {[%clk
1:36:30]} Bxh6 {[%clk 1:36:30]} 14. Qxh6 {[%clk 1:37:00]} Qf6 {[%clk 1:37:00]}
15. f3 {[%clk 1:37:30]} Qf4+ {[%clk 1:37:30]} 16. Qxf4 {[%clk 1:38:00]} exf4
{[%clk 1:38:00]} 17. Nf1 {[%clk 1:38:30]} Bd7 {[%clk 1:38:30]} 18. g3 {[%clk
1:39:00]} fxg3 {[%clk 1:39:00]} 19. Nxg3 {[%clk 1:39:30]} Nc5 {[%clk 1:39:30]}
20. Rdg1 {[%clk 1:40:00]} Nf6 {[%clk 1:40:00]} 21. Kd2 {[%clk 1:40:30]} Rfe8
{[%clk 1:40:30]} 22. Bd1 {[%clk 1:41:00]} Kf8 {[%clk 1:41:00]} 23. Nge2 {[%clk
1:41:30]} Re7 {[%clk 1:41:30]} 24. Nd4 {[%clk 1:42:00]} Be8 {[%clk 1:42:00]} 25.
Re1 {[%clk 1:42:30]} a4 {[%clk 1:42:30]} 26. Rhg1 {[%clk 1:43:00]} Nfd7 {[%clk
1:43:00]} 27. Be2 {[%clk 1:43:30]} Nb8 {[%clk 1:43:30]} 28. b4 {[%clk 1:44:00]}
axb3 {[%clk 1:44:00]} 29. axb3 {[%clk 1:44:30]} Nbd7 {[%clk 1:44:30]} 30. b4
{[%clk 1:45:00]} Na6 {[%clk 1:45:00]} 31. Ra1 {[%clk 1:45:30]} Rb8 {[%clk
1:45:30]} 32. Nc2 {[%clk 1:46:00]} Nb6 {[%clk 1:46:00]} 33. f4 {[%clk 1:46:30]}
Nd7 {[%clk 1:46:30]} 34. Raf1 {[%clk 1:47:00]} Nf6 {[%clk 1:47:00]} 35. Kd3
{[%clk 1:47:30]} Bd7 {[%clk 1:47:30]} 36. f5 {[%clk 1:48:00]} gxf5 {[%clk
1:48:00]} 37. exf5 {[%clk 1:48:30]} Rbe8 {[%clk 1:48:30]} 38. Rf2 {[%clk
1:49:00]} Re5 {[%clk 1:49:00]} 39. Rg5 {[%clk 1:49:30]} c5 {[%clk 1:49:30]} 40.
b5 {[%clk 1:50:00]} Nb4+ {[%clk 1:50:00]} 41. Nxb4 {[%clk 1:50:30]} cxb4 {[%clk
1:50:30]} 42. Na4 {[%clk 1:51:00]} Ne4 {[%clk 1:51:00]} 43. Rfg2 {[%clk 1:51:30]}
Nxg5 {[%clk 1:51:30]} 44. hxg5 {[%clk 1:52:00]} Bxf5+ {[%clk 1:52:00]} 45. Kd2
{[%clk 1:52:30]} h4 {[%clk 1:52:30]} 46. Bf3 {[%clk 1:53:00]} h3 {[%clk 1:53:00]}
47. Rf2 {[%clk 1:53:30]} Kg7 {[%clk 1:53:30]} 48. c5 {[%clk 1:54:00]} Ra8 {[%clk
1:54:00]} 0-1

[Event "Helsinki Chess Festival - Girls U20"]
[Site "chess24.com"]
[Date "2019.08.15"]
[Round "3"]
[White "Nazarova, Anastasia"]
[Black "Norlamo, Sarabella"]
[Result "1-0"]
[Board "1"]
[WhiteTitle "WFM"]
[WhiteElo "2261"]
[WhiteCountry "FIN"]
[WhiteFideId "34101737"]
[WhiteEloChange "4"]
[BlackElo "1998"]
[BlackCountry "FIN"]
[BlackFideId "4505344"]
[BlackEloChange "-4"]

1. e4 {[%clk 1:30:59]} e5 {[%clk 1:30:53]} 2. Nf3 {[%clk 1:31:24]} Nc6 {[%clk
1:31:18]} 3. Bb5 {[%clk 1:31:50]} a6 {[%clk 1:31:42]} 4. Ba4 {[%clk 1:32:16]} Nf6
{[%clk 1:32:04]} 5. d3 {[%clk 1:32:38]} d6 {[%clk 1:32:22]} 6. c3 {[%clk
1:32:57]} g6 {[%clk 1:32:37]} 7. O-O {[%clk 1:33:12]} Bg7 {[%clk 1:33:02]} 8. Re1
{[%clk 1:33:36]} O-O {[%clk 1:33:25]} 9. Nbd2 {[%clk 1:34:00]} b5 {[%clk
1:32:39]} 10. Bc2 {[%clk 1:34:21]} a5 {[%clk 1:32:52]} 11. Nf1 {[%clk 1:33:15]}
Re8 {[%clk 1:27:58]} 12. h3 {[%clk 1:28:25]} Bb7 {[%clk 1:20:59]} 13. Ng3 {[%clk
0:06:06]} Qd7 {[%clk 0:16:22]} 14. Bd2 {[%clk 0:05:14]} Ba6 {[%clk 1:04:28]} 15.
d4 {[%clk 1:07:15]} exd4 {[%clk 0:56:22]} 16. cxd4 {[%clk 1:07:40]} a4 {[%clk
0:35:07]} 17. a3 {[%clk 1:06:53]} Rac8 {[%clk 0:29:41]} 18. Bc3 {[%clk 1:05:37]}
Nb8 {[%clk 0:29:25]} 19. d5 {[%clk 1:03:20]} Qd8 {[%clk 0:04:39]} 20. Nd4 {[%clk
0:58:58]} c5 {[%clk 0:26:43]} 21. dxc6 {[%clk 0:57:35]} Nxc6 {[%clk 0:07:47]} 22.
Nxc6 {[%clk 0:50:09]} Rxc6 {[%clk 0:27:36]} 23. Qf3 {[%clk 0:50:25]} Rc8 {[%clk
0:16:18]} 24. Rad1 {[%clk 0:48:40]} Re6 {[%clk 0:15:07]} 25. Bb1 {[%clk 0:42:21]}
Ne8 {[%clk 0:12:20]} 26. Bxg7 {[%clk 0:42:15]} Kxg7 {[%clk 0:12:47]} 27. Ba2
{[%clk 0:41:20]} Re7 {[%clk 0:12:29]} 28. Qg4 {[%clk 0:35:29]} Kf8 {[%clk
0:07:44]} 29. e5 {[%clk 0:28:43]} Qb6 {[%clk 0:07:15]} 30. e6 {[%clk 0:24:41]}
fxe6 {[%clk 0:04:47]} 31. Rxe6 {[%clk 0:22:23]} Rf7 {[%clk 0:04:02]} 32. Re3
{[%clk 0:20:10]} d5 {[%clk 0:02:34]} 33. Bxd5 {[%clk 0:19:13]} Nf6 {[%clk
0:03:02]} 34. Qb4+ {[%clk 0:19:14]} Kg7 {[%clk 0:02:12]} 35. Bxf7 {[%clk
0:19:23]} Kxf7 {[%clk 0:02:40]} 36. Qe7+ {[%clk 0:18:42]} 1-0

[Event "Helsinki Chess Festival - Girls U20"]
[Site "chess24.com"]
[Date "2019.08.15"]
[Round "3"]
[White "Simkunaite, Gabija"]
[Black "Lehtinen, Helja"]
[Result "1-0"]
[Board "2"]
[WhiteElo "1978"]
[WhiteCountry "LTU"]
[WhiteFideId "12808253"]
[WhiteEloChange "6"]
[BlackElo "1818"]
[BlackCountry "FIN"]
[BlackFideId "515566"]
[BlackEloChange "-6"]

1. d4 {[%clk 1:30:57]} Nf6 {[%clk 1:30:36]} 2. c4 {[%clk 1:31:21]} g6 {[%clk
1:30:50]} 3. Nc3 {[%clk 1:31:45]} Bg7 {[%clk 1:30:50]} 4. e4 {[%clk 1:32:08]} d6
{[%clk 1:30:53]} 5. Be2 {[%clk 1:32:32]} O-O {[%clk 1:30:58]} 6. Be3 {[%clk
1:32:56]} e5 {[%clk 1:30:36]} 7. d5 {[%clk 1:33:18]} Na6 {[%clk 1:30:44]} 8. g4
{[%clk 1:33:29]} Nc5 {[%clk 1:30:57]} 9. f3 {[%clk 1:33:51]} a5 {[%clk 1:30:37]}
10. h4 {[%clk 1:34:14]} h5 {[%clk 0:00:20]} 11. g5 {[%clk 1:34:36]} Nh7 {[%clk
1:31:02]} 12. Qd2 {[%clk 1:34:54]} f6 {[%clk 1:30:25]} 13. O-O-O {[%clk 1:35:10]}
fxg5 {[%clk 1:27:46]} 14. hxg5 {[%clk 1:35:35]} Rf4 {[%clk 1:26:34]} 15. Nh3
{[%clk 1:08:40]} Bxh3 {[%clk 1:24:58]} 16. Rxh3 {[%clk 1:08:59]} Qxg5 {[%clk
1:02:40]} 17. Rg1 {[%clk 1:01:07]} Qf6 {[%clk 0:56:14]} 18. Bd1 {[%clk 1:01:21]}
h4 {[%clk 0:40:13]} 19. Bxf4 {[%clk 0:31:18]} exf4 {[%clk 0:39:58]} 20. e5 {[%clk
0:22:26]} dxe5 {[%clk 0:20:57]} 21. Qg2 {[%clk 0:22:35]} g5 {[%clk 0:19:08]} 22.
Bc2 {[%clk 0:14:19]} e4 {[%clk 0:18:42]} 23. Bxe4 {[%clk 0:13:27]} Nxe4 {[%clk
0:18:44]} 24. Nxe4 {[%clk 0:13:45]} Qd4 {[%clk 0:18:26]} 25. Kb1 {[%clk 0:13:33]}
a4 {[%clk 0:17:20]} 26. Rc1 {[%clk 0:01:56]} a3 {[%clk 0:15:42]} 27. Qc2 {[%clk
0:02:15]} Ra4 {[%clk 0:10:24]} 28. Rd1 {[%clk 0:01:30]} Qe5 {[%clk 0:08:31]} 29.
Rh2 {[%clk 0:01:16]} Rb4 {[%clk 0:08:15]} 30. Qc1 {[%clk 0:01:16]} g4 {[%clk
0:07:01]} 31. d6 {[%clk 0:00:34]} cxd6 {[%clk 0:05:51]} 32. Rd5 {[%clk 0:00:47]}
Qe7 {[%clk 0:05:30]} 33. Qe1 {[%clk 0:00:33]} Rxc4 {[%clk 0:04:48]} 34. Qxh4
{[%clk 0:00:50]} Qxh4 {[%clk 0:03:51]} 35. Rxh4 {[%clk 0:01:18]} Bxb2 {[%clk
0:04:07]} 36. Rxg4+ {[%clk 0:01:24]} Kf8 {[%clk 0:03:56]} 37. Rg1 {[%clk
0:00:33]} Ke7 {[%clk 0:02:20]} 38. Re1 {[%clk 0:00:34]} Kd7 {[%clk 0:00:53]} 39.
Nxd6 {[%clk 0:00:34]} Rb4 {[%clk 0:00:53]} 40. Rb5 {[%clk 0:30:36]} Bc3+ {[%clk
0:31:00]} 41. Rxb4 {[%clk 0:30:56]} Bxb4 {[%clk 0:31:24]} 42. Rh1 {[%clk
0:31:16]} Ng5 {[%clk 0:31:54]} 43. Ne4 {[%clk 0:31:16]} Nxf3 {[%clk 0:32:24]} 44.
Rf1 {[%clk 0:31:16]} Nd2+ {[%clk 0:32:54]} 45. Nxd2 {[%clk 0:31:16]} Bxd2 {[%clk
0:33:24]} 46. Rd1 {[%clk 0:31:16]} Ke6 {[%clk 0:33:54]} 47. Rxd2 {[%clk 0:31:16]}
Ke5 {[%clk 0:34:24]} 48. Kc2 {[%clk 0:31:16]} Ke4 {[%clk 0:34:54]} 49. Kd1 {[%clk
0:31:16]} b5 {[%clk 0:35:24]} 50. Ke2 {[%clk 0:31:16]} b4 {[%clk 0:35:54]} 51.
Rd8 {[%clk 0:31:16]} f3+ {[%clk 0:36:24]} 52. Kf2 {[%clk 0:31:16]} Ke5 {[%clk
0:36:54]} 53. Kxf3 {[%clk 0:31:16]} 1-0